Historia de una inconstitucionalidad /

Guardado en:
Autor Principal: Ferrer, Francisco
Otros Autores: Salinas, Cecilia
Formato: Capítulo de libro
Idioma:Spanish
Etiquetas: Agregar Etiqueta
Sin Etiquetas, Sea el primero en etiquetar este registro!
LEADER 00429naa a22001215a 4500
001 DER.der010264
005 20100927000000.0
008 180615s----####||||||||||||||||||||spa||
100 1 |a Ferrer, Francisco 
245 1 0 |a Historia de una inconstitucionalidad /  |c Francisco Ferrer , Cecilia Salinas 
700 1 |a Salinas, Cecilia 
773 0 |g Suplemento La Ley Administrativo0#  |g Buenos Aires : La Ley, 20100#  |g Septiembre 2010 
859 |a DERECHO  |b BIB. DERECHO